Lifting the Veil (Record no. 3944)
[ view plain ]
| 000 -LEADER | |
|---|---|
| fixed length control field | 00465nam a22001937a 4500 |
| 003 - CONTROL NUMBER IDENTIFIER | |
| control field | Nust |
| 005 - DATE AND TIME OF LATEST TRANSACTION | |
| control field | 20170105101616.0 |
| 008 - FIXED-LENGTH DATA ELEMENTS--GENERAL INFORMATION | |
| fixed length control field | 161128b xxu||||| |||| 00| 0 eng d |
| 020 ## - INTERNATIONAL STANDARD BOOK NUMBER | |
| International Standard Book Number | 9780143066453 |
| 040 ## - CATALOGING SOURCE | |
| Transcribing agency | Nust |
| 041 ## - LANGUAGE CODE | |
| Language code of original | eng |
| 082 ## - DEWEY DECIMAL CLASSIFICATION NUMBER | |
| Classification number | 823 |
| Author Mark | CHU |
| 100 ## - MAIN ENTRY--PERSONAL NAME | |
| Personal name | Ismat Chughtai |
| 245 ## - TITLE STATEMENT | |
| Title | Lifting the Veil |
| Statement of responsibility, etc. | Ismat Chughtai |
| 260 ## - PUBLICATION, DISTRIBUTION, ETC. | |
| Place of publication, distribution, etc. | New York; |
| Name of publisher, distributor, etc. | Penguin Books, |
| Date of publication, distribution, etc. | 2009. |
| 300 ## - PHYSICAL DESCRIPTION | |
| Extent | xxiv,261p. |
| 650 ## - SUBJECT ADDED ENTRY--TOPICAL TERM | |
| Topical term or geographic name entry element | English Literature |
| 942 ## - ADDED ENTRY ELEMENTS (KOHA) | |
| Source of classification or shelving scheme | |
| Koha item type | Book |
| Withdrawn status | Lost status | Source of classification or shelving scheme | Damaged status | Not for loan | Permanent Location | Current Location | Shelving location | Date acquired | Source of acquisition | Total Checkouts | Total Renewals | Full call number | Barcode | Date last seen | Date last checked out | Copy number | Price effective from | Koha item type |
|---|---|---|---|---|---|---|---|---|---|---|---|---|---|---|---|---|---|---|
| Central Library (CL) | Central Library (CL) | Fiction | 11/28/2016 | Purchased | 3 | 1 | 891.439371 CHU | CL2940 | 05/23/2024 | 02/14/2019 | 1 | 11/28/2016 | Book |
